Vstup Ruska do WTO: priepasť alebo vzlet?
Rokovania o vstupe Ruska do WTO. Podpísanie protokolu o vstupe Ruska do WTO 20.novembra 2006. Konkrétne ciele vstupu Ruska do WTO. Hlavné problémy podnikov so vstupom Ruska do WTO - dotazníkový prieskum v Ruskej federácii. Následky vstupu do WTO pre jednotlivé hospodárske odvetvia. Výhody a riziká s...
Salvato in:
| Autore principale: | |
|---|---|
| Natura: | Capitolo di libro |
| Lingua: | slovacco |
| Soggetti: | |
| Tags: |
Nessun Tag, puoi essere il primo ad aggiungerne!!
|
MARC
| LEADER | 00000nla$a2200000$$$4500 | ||
|---|---|---|---|
| 001 | 0072506 | ||
| 005 | 20240502083208.6 | ||
| 041 | 0 | |a slo | |
| 044 | |a CZ | ||
| 245 | 1 | 0 | |a Vstup Ruska do WTO: priepasť alebo vzlet? |c Ivan Oleksik |
| 520 | |a Rokovania o vstupe Ruska do WTO. Podpísanie protokolu o vstupe Ruska do WTO 20.novembra 2006. Konkrétne ciele vstupu Ruska do WTO. Hlavné problémy podnikov so vstupom Ruska do WTO - dotazníkový prieskum v Ruskej federácii. Následky vstupu do WTO pre jednotlivé hospodárske odvetvia. Výhody a riziká spojené so vstupom Ruska do WTO. | ||
| 610 | 2 | 0 | |a obchod medzinárodný |
| 610 | 2 | 0 | |a obchod zahraničný |
| 610 | 2 | 0 | |a dovoz |
| 610 | 2 | 0 | |a vývoz |
| 610 | 2 | 0 | |a trh svetový |
| 610 | 2 | 0 | |a podnik |
| 610 | 2 | 0 | |a podnikanie |
| 610 | 2 | 0 | |a organizácie medzinárodné |
| 610 | 2 | 0 | |a Rusko |
| 100 | 1 | |a Oleksik, Ivan | |